THE RT. HON. BLE SIR SHADI LAL. 1920-1934. (Record no. 1270611)

MARC details
000 -LEADER
fixed length control field 00492nam a2200181Ia 4500
008 - FIXED-LENGTH DATA ELEMENTS--GENERAL INFORMATION
fixed length control field 151202s9999||||xx |||||||||||||| ||und||
082 ## - DEWEY DECIMAL CLASSIFICATION NUMBER
Item number PNVM-4613
100 ## - MAIN ENTRY--PERSONAL NAME
Personal name GAUBA K. L.
245 ## - TITLE STATEMENT
Title THE RT. HON. BLE SIR SHADI LAL. 1920-1934.
260 ## - PUBLICATION, DISTRIBUTION, ETC. (IMPRINT)
Name of publisher, distributor, etc THE LAW BOOK DEPOT.
260 ## - PUBLICATION, DISTRIBUTION, ETC. (IMPRINT)
Date of publication, distribution, etc 0
300 ## - PHYSICAL DESCRIPTION
Extent 0
600 ## - SUBJECT ADDED ENTRY--PERSONAL NAME
Personal name GAUBA K. L.
630 ## - SUBJECT ADDED ENTRY--UNIFORM TITLE
Uniform title THE RT. HON. BLE SIR SHADI LAL. 1920-1934.
700 ## - ADDED ENTRY--PERSONAL NAME
Personal name GAUBA K. L.
730 ## - ADDED ENTRY--UNIFORM TITLE
Uniform title THE RT. HON. BLE SIR SHADI LAL. 1920-1934.
942 ## - ADDED ENTRY ELEMENTS (KOHA)
Koha item type Book
Holdings
Withdrawn status Lost status Damaged status Not for loan Home library Current library Date acquired Cost, normal purchase price Total Checkouts Full call number Barcode Date last seen Cost, replacement price Price effective from Koha item type
        Pune Nagar Vachan Mandir, Pune Pune Nagar Vachan Mandir, Pune 06/21/2015 0.00   PNVM-4613 PNVM-4613 12/02/2015 0.00 12/02/2015 Book